Secrecy and Methods in Security Research (Record no. 92874)

MARC details
000 -LEADER
fixed length control field 02767namaa2200445uu 4500
001 - CONTROL NUMBER
control field doab38181
003 - CONTROL NUMBER IDENTIFIER
control field oapen
005 - DATE AND TIME OF LATEST TRANSACTION
control field 20260305123948.0
006 - FIXED-LENGTH DATA ELEMENTS--ADDITIONAL MATERIAL CHARACTERISTICS
fixed length control field m o d
007 - PHYSICAL DESCRIPTION FIXED FIELD--GENERAL INFORMATION
fixed length control field cr|mn|---annan
008 - FIXED-LENGTH DATA ELEMENTS--GENERAL INFORMATION
fixed length control field 210210s2019 xx |||||o ||| 0|eng d
020 ## - INTERNATIONAL STANDARD BOOK NUMBER
International Standard Book Number 9780367027247
040 ## - CATALOGING SOURCE
Original cataloging agency oapen
Transcribing agency oapen
041 0# - LANGUAGE CODE
Language code of text/sound track or separate title eng
042 ## - AUTHENTICATION CODE
Authentication code dc
072 #7 - SUBJECT CATEGORY CODE
Subject category code JPQB
Source bicssc
245 00 - TITLE STATEMENT
Title Secrecy and Methods in Security Research
Remainder of title A Guide to Qualitative Fieldwork
260 ## - PUBLICATION, DISTRIBUTION, ETC.
Name of publisher, distributor, etc. Taylor & Francis
Date of publication, distribution, etc. 2019
300 ## - PHYSICAL DESCRIPTION
Extent 1 online resource (312 p.)
336 ## - CONTENT TYPE
Content type term text
Content type code txt
Source rdacontent
337 ## - MEDIA TYPE
Media type term computer
Media type code c
Source rdamedia
338 ## - CARRIER TYPE
Carrier type term online resource
Carrier type code cr
Source rdacarrier
506 0# - RESTRICTIONS ON ACCESS NOTE
Terms governing access Free-to-read
Standardized terminology for access restriction Unrestricted online access
Source of term star
520 ## - SUMMARY, ETC.
Summary, etc. This book analyses the challenges of secrecy in security research, and develops a set of methods to navigate, encircle and work with secrecy. How can researchers navigate secrecy in their fieldwork, when they encounter confidential material, closed-off quarters or bureaucratic rebuffs? This is a particular challenge for researchers in the security field, which is by nature secretive and difficult to access. This book creatively assesses and analyses the ways in which secrecies operate in security research. The collection sets out new understandings of secrecy, and shows how secrecy itself can be made productive to research analysis. It offers students, PhD researchers and senior scholars a rich toolkit of methods and best-practice examples for ethically appropriate ways of navigating secrecy. It pays attention to the balance between confidentiality, and academic freedom and integrity. The chapters draw on the rich qualitative fieldwork experiences of the contributors, who did research at a diversity of sites, for example at a former atomic weapons research facility, inside deportation units, in conflict zones, in everyday security landscapes, in virtual spaces and at borders, bureaucracies and banks. The book will be of interest to students of research methods, critical security studies and International Relations in general.
540 ## - TERMS GOVERNING USE AND REPRODUCTION NOTE
Terms governing use and reproduction All rights reserved
Uniform Resource Identifier <a href="http://oapen.org/content/about-rights">http://oapen.org/content/about-rights</a>
546 ## - LANGUAGE NOTE
Language note English
650 #7 - SUBJECT ADDED ENTRY--TOPICAL TERM
Topical term or geographic name entry element Central / national / federal government policies
Source of heading or term bicssc
653 ## - INDEX TERM--UNCONTROLLED
Uncontrolled term fieldwork
653 ## - INDEX TERM--UNCONTROLLED
Uncontrolled term guide
653 ## - INDEX TERM--UNCONTROLLED
Uncontrolled term security
653 ## - INDEX TERM--UNCONTROLLED
Uncontrolled term security research
720 1# - ADDED ENTRY--UNCONTROLLED NAME
Name De Goede, Marieke
Relationship edt
720 1# - ADDED ENTRY--UNCONTROLLED NAME
Name Bosma, Esmé
Relationship edt
720 1# - ADDED ENTRY--UNCONTROLLED NAME
Name Bosma, Esmé
Relationship oth
720 1# - ADDED ENTRY--UNCONTROLLED NAME
Name De Goede, Marieke
Relationship oth
720 1# - ADDED ENTRY--UNCONTROLLED NAME
Name Pallister-Wilkins, Polly
Relationship edt
720 1# - ADDED ENTRY--UNCONTROLLED NAME
Name Pallister-Wilkins, Polly
Relationship oth
793 0# -
-- DOAB Library.
856 40 - ELECTRONIC LOCATION AND ACCESS
Uniform Resource Identifier <a href="https://directory.doabooks.org/handle/20.500.12854/38181">https://directory.doabooks.org/handle/20.500.12854/38181</a>
Access status 0
Public note Free-to-read: DOAB: description of the publication

No items available.

Powered by Koha